|
|
|
|
| LEADER |
00000nas a2200000 a 4500 |
| 001 |
ssj0017208 |
| 003 |
WaSeSS |
| 005 |
20200512172242.0 |
| 006 |
m d |
| 007 |
cr n |
| 008 |
800725u19uuuuuuvauqr p s 0 a0eng c |
| 010 |
|
|
|a 81640211
|z sn 80001349
|
| 022 |
|
|
|l 0274-7405
|y 0274-7405
|
| 032 |
|
|
|a 318570
|b USPS
|
| 035 |
|
|
|a (WaSeSS)ssj0017208
|
| 037 |
|
|
|b Association of Naval Aviation, Suite 200, 5205 Leesburg Pike, Falls Church, VA 22041
|
| 040 |
|
|
|a NSD
|b eng
|c NSD
|d DLC
|d NSD
|d DLC
|d NSD
|d OCLCQ
|d OCLCF
|d OCL
|d OCLCO
|d CUS
|d OCLCQ
|d WaSeSS
|
| 042 |
|
|
|a nsdp
|a pcc
|
| 043 |
|
|
|a n-us---
|
| 050 |
0 |
0 |
|a VG93
|b .W496
|
| 082 |
1 |
0 |
|a 359
|2 11
|
| 130 |
0 |
|
|a Wings of gold (Pensacola, Fla.)
|
| 210 |
0 |
|
|a Wings gold
|b (Pensacola Fla.)
|
| 222 |
|
0 |
|a Wings of gold
|b (Pensacola, Fla.)
|
| 245 |
1 |
0 |
|a Wings of gold
|h [electronic resource].
|
| 260 |
|
|
|a Pensacola, Fla. :
|b Association of Naval Aviation
|
| 310 |
|
|
|a Quarterly
|
| 362 |
0 |
|
|a Vol. 1, no. 1 (Apr. 1976)-
|
| 500 |
|
|
|a Title from cover.
|
| 500 |
|
|
|a Place of publication varies: Falls Church, VA, <spring 1986->
|
| 506 |
|
|
|a License restrictions may limit access.
|
| 588 |
|
|
|a Latest issue consulted: Vol. 11, no. 1 (spring 1986) (surrogate).
|
| 610 |
1 |
0 |
|a United States.
|b Navy
|x Aviation
|v Periodicals.
|
| 610 |
2 |
0 |
|a Association of Naval Aviation (U.S.)
|v Periodicals.
|
| 610 |
2 |
7 |
|a Association of Naval Aviation (U.S.)
|2 fast
|0 (OCoLC)fst00553961
|
| 610 |
1 |
7 |
|a United States.
|b Navy.
|2 fast
|0 (OCoLC)fst00533204
|
| 650 |
|
7 |
|a Armed Forces
|x Aviation.
|2 fast
|0 (OCoLC)fst01351741
|
| 655 |
|
0 |
|a Electronic journals.
|
| 710 |
2 |
|
|a Association of Naval Aviation (U.S.)
|
| 850 |
|
|
|a DLC
|
| 856 |
4 |
0 |
|z Full text available from Research Library: 10/01/1998 to 12/31/2012
|u https://search.proquest.com/publication/12409
|
| 856 |
4 |
0 |
|z Full text available from Research Library: 01/01/2018 to present
|u https://search.proquest.com/publication/12409
|